75 readings plus / (Record no. 14066)

000 -LEADER
fixed length control field 00627cam a2200217 a 4500
020 ## - INTERNATIONAL STANDARD BOOK NUMBER
ISBN 0070094829 (alk. paper)
040 ## - CATALOGING SOURCE
Transcribing agency DLC
082 00 - DEWEY DECIMAL CLASSIFICATION NUMBER
Classification number 808 HIL 1996 A096 Or.
245 00 - TITLE STATEMENT
Title 75 readings plus /
246 3# - VARYING FORM OF TITLE
Title proper/short title Seventy-five readings plus
250 ## - EDITION STATEMENT
Edition statement 3rd ed.
260 ## - PUBLICATION, DISTRIBUTION, ETC. (IMPRINT)
Place of publication New York :
Name of publisher McGraw-Hill,
Year of publication c1996.
300 ## - PHYSICAL DESCRIPTION
Number of Pages xvi, 494 p. ;
Dimensions 23 cm.
500 ## - GENERAL NOTE
General note "Portions of this text have been taken from 75 readings: an anthology"--T.p. verso.
500 ## - GENERAL NOTE
General note Includes index.
650 #0 - SUBJECT ADDED ENTRY--TOPICAL TERM
Topical Term College readers.
650 #0 - SUBJECT ADDED ENTRY--TOPICAL TERM
Topical Term English language
700 1# - ADDED ENTRY--PERSONAL NAME
Personal name Buscemi, Santi V.
700 1# - ADDED ENTRY--PERSONAL NAME
Personal name Smith, Charlotte,
942 ## - ADDED ENTRY ELEMENTS (KOHA)
Koha item type សៀវភៅភាសាអង់គ្លេស
952 ## - LOCATION AND ITEM INFORMATION (KOHA)
Withdrawn status [LOCAL, KOHA] 0
Holdings
Permanent Location Date acquired Koha item type Lost status Shelving location Barcode Current Location Full call number
Library Block A2017-10-05សៀវភៅភាសាអង់គ្លេស A096A19528Library Block A808 HIL 1996 A096 Or.
មជ្ឈមណ្ឌលឯការនៃសាកលវិទ្យាល័យភូមិន្ទកសិកម្មចំការដូង

Powered by Koha